|
|
|
|
| LEADER |
00000nam a2200000 4500 |
| 001 |
vtls011744669 |
| 003 |
SK-MaSNL |
| 005 |
20260311124912.0 |
| 008 |
200316s2017 xr oc e 000 0dcze |
| 015 |
|
|
|a SNBZSA2018/03
|
| 020 |
|
|
|a 9788073764807
|q (viazané)
|
| 035 |
|
|
|a urn:nbn:sk:snk-am00dgds
|
| 035 |
|
|
|a urn:nbn:sk:snk-am3i1dt
|
| 035 |
|
|
|a CAC9F466-C1EE-4857-8DD9-C1202EBA8C34
|
| 040 |
|
|
|a SNK
|b slo
|c SNK
|e rda
|
| 041 |
0 |
|
|a cze
|
| 043 |
|
|
|a e-cs---
|
| 044 |
|
|
|a xr
|c CZ
|
| 072 |
|
7 |
|a 796
|x Šport. Hry. Telesné cvičenia
|2 konspekt
|
| 080 |
|
|
|a 796.332
|2 2011
|
| 080 |
|
|
|a 796.332.093.42
|2 2011
|
| 080 |
|
|
|a 796.332.071.2
|2 2011
|
| 080 |
|
|
|a (437)
|2 2011
|
| 080 |
|
|
|a (048.8)
|2 2011
|
| 080 |
|
|
|a 796/799(091)
|2 2011
|
| 100 |
1 |
|
|a Prückner, František,
|d 1943-
|4 aut
|9 430291
|
| 245 |
1 |
0 |
|a Skvosty československé fotbalové historie
|c František Prückner
|
| 250 |
|
|
|a Vydání první
|
| 264 |
|
1 |
|a Velké Přílepy
|b Olympia
|c 2017
|
| 300 |
|
|
|a 310 strán
|b fotografie, portréty
|c 27 cm
|
| 336 |
|
|
|a text
|b txt
|2 rdacontent
|
| 337 |
|
|
|a bez média
|b n
|2 rdamedia
|
| 338 |
|
|
|a zväzok
|b nc
|2 rdacarrier
|
| 648 |
|
7 |
|a 20. storočie
|2 SNK
|9 278343
|
| 648 |
|
7 |
|a 1946-1993
|2 SNK
|9 430292
|
| 650 |
0 |
7 |
|a futbal
|2 SNKPH
|9 3291
|
| 650 |
0 |
7 |
|a Football
|2 SNKPHeng
|9 315473
|
| 650 |
0 |
7 |
|a futbalové zápasy
|2 SNKPH
|9 71116
|
| 650 |
0 |
7 |
|a Football matches
|2 SNKPHeng
|9 330841
|
| 650 |
0 |
7 |
|a futbalisti
|2 SNKPH
|9 43771
|
| 650 |
0 |
7 |
|a Soccer players
|2 SNKPHeng
|9 288841
|
| 650 |
0 |
7 |
|a dejiny športu
|2 SNKPH
|9 59611
|
| 650 |
0 |
7 |
|a History of sports
|2 SNKPHeng
|9 309845
|
| 651 |
|
7 |
|a Československo
|2 SNKPH
|9 21376
|
| 651 |
|
7 |
|a Czechoslovakia
|2 SNKPHeng
|9 265183
|
| 655 |
|
7 |
|a prehľady
|2 SNKPH
|9 70194
|
| 655 |
|
7 |
|a Surveys
|2 SNKPHeng
|9 266058
|
| 919 |
|
|
|a 978-80-7376-480-7
|
| 958 |
|
|
|a ZS
|
| 999 |
|
|
|c 682608
|d 684538
|
| 952 |
|
|
|a SNK
|b SNK
|y PREZ
|7 0
|p 17A1321854
|o snkSB 92615
|i snk2018/5711
|8 4
|g 15.76
|0 0
|1 0
|4 0
|d 2018-03-05
|f 1
|l 0
|r 2025-05-14 00:00:00
|w 2026-02-23
|
| 952 |
|
|
|t snkPRU 796(437)
|a SNKUST
|b SNKUST
|y PREZ
|7 0
|p 17A1321853
|o snkSB 92615 D1
|i snk2018/5712
|8 4
|g 15.76
|0 0
|1 0
|4 0
|d 2018-03-05
|l 0
|r 2025-05-29 00:00:00
|w 2026-02-23
|